[Event "GRE-chT 37th"]
[Site "Kallithea"]
[Date "2009.07.07"]
[Round "7"]
[White "Psomiadis, Stavros"]
[Black "Stavrianakis, Ioannis"]
[Result "1/2-1/2"]
[WhiteElo "2204"]
[BlackElo "2240"]
[PlyCount "98"]
[EventDate "2009.07.03"]
[EventType "team-tourn"]
[EventRounds "9"]
[EventCountry "GRE"]
[SourceTitle "CBM 131 Extra"]
[Source "ChessBase"]
[SourceDate "2009.09.03"]
[SourceVersion "2"]
[SourceVersionDate "2009.09.16"]
[SourceQuality "1"]

1. Nf3 e6 2. b3 Nf6 3. Bb2 b6 4. e3 Bb7 5. Be2 Be7 6. 0-0 0-0 7. d4 Ne4 8. Nbd2 f5 9. c4 d6 10. Nxe4 Bxe4 11. Nd2 Bb7 12. Bf3 Bxf3 13. Qxf3 Nd7 14. e4 Bg5 15. Rad1 Bxd2 16. Rxd2 Qg5 17. Re2 f4 18. e5 dxe5 19. dxe5 Rae8 20. Rd1 Rf7 21. h3 h5 22. Kf1 Nf8 23. Rd3 Rd8 24. Red2 Rxd3 25. Rxd3 Qf5 26. Qd1 Ng6 27. Rd8+ Kh7 28. Qd3 Qxd3+ 29. Rxd3 Kh6 30. b4 Kg5 31. c5 bxc5 32. bxc5 Kf5 33. c6 Nxe5 34. Rc3 Ng6 35. Ra3 e5 36. Rxa7 Ke6 37. a4 e4 38. Ra5 f3 39. g3 Ne7 40. Re5+ Kd6 41. Rxe4 Nxc6 42. Bc3 Kd5 43. Re3 Kc4 44. Ke1 Nd4 45. Bxd4 Kxd4 46. a5 c5 47. a6 Kd5 48. Ra3 Ra7 49. Kd2 Kc6 1/2-1/2

[Event "GRE-chT 37th"]
[Site "Kallithea"]
[Date "2009.07.04"]
[Round "1"]
[White "Psomiadis, Stavros"]
[Black "Skembris, Spyridon"]
[Result "0-1"]
[WhiteElo "2204"]
[BlackElo "2452"]
[PlyCount "98"]
[EventDate "2009.07.03"]
[EventType "team-tourn"]
[EventRounds "9"]
[EventCountry "GRE"]
[SourceTitle "CBM 131 Extra"]
[Source "ChessBase"]
[SourceDate "2009.09.03"]
[SourceVersion "2"]
[SourceVersionDate "2009.09.16"]
[SourceQuality "1"]

1. Nf3 c5 2. e4 Nc6 3. Bb5 g6 4. Bxc6 dxc6 5. d3 Bg7 6. h3 Nf6 7. Nc3 0-0 8. Be3 Qa5 9. Qd2 Rd8 10. 0-0 c4 11. e5 Nd5 12. Nxd5 Qxd5 13. dxc4 Qxd2 14. Bxd2 Be6 15. Bb4 Bxc4 16. Rfe1 Kf8 17. b3 Bd5 18. Nh2 b6 19. Nf1 a5 20. Bc3 b5 21. a3 c5 22. Ne3 Be6 23. Red1 Rxd1+ 24. Rxd1 b4 25. axb4 axb4 26. Ra1 Rxa1+ 27. Bxa1 Bh6 28. Kf1 Bxe3 29. fxe3 Bf5 30. c3 Bc2 31. cxb4 cxb4 32. Ke2 Bxb3 33. Kd3 Ke8 34. Kd4 Be6 35. Kc5 b3 36. Bb2 g5 37. Kd4 h5 38. e4 h4 39. Kd3 Kd7 40. Bc1 f6 41. Bb2 f5 42. exf5 Bxf5+ 43. Kc3 Bxh3 44. gxh3 g4 45. Bc1 gxh3 46. Bf4 Ke6 47. Kxb3 Kf5 48. Bh2 Ke4 49. e6 Kf3 0-1

[Event "GRE-chT 35th"]
[Site "Ermioni Argolidas"]
[Date "2006.07.06"]
[Round "4"]
[White "Psomiadis, Stavros"]
[Black "Vragoteris, Antonios"]
[Result "0-1"]
[WhiteElo "2221"]
[BlackElo "2336"]
[PlyCount "96"]
[EventDate "2006.07.03"]
[EventType "team"]
[EventRounds "9"]
[EventCountry "GRE"]
[SourceTitle "CBM 113 Extra"]
[Source "ChessBase"]
[SourceDate "2006.09.14"]
[SourceVersion "1"]
[SourceVersionDate "2006.09.14"]
[SourceQuality "1"]

1. e4 c5 2. Nf3 e6 3. b3 d6 4. Bb2 Nf6 5. e5 dxe5 6. Nxe5 Nbd7 7. f4 Qc7 8. Na3 a6 9. Qf3 Rb8 10. Nxd7 Nxd7 11. f5 e5 12. Bd3 b5 13. c4 Bb7 14. Be4 Bxe4 15. Qxe4 Bd6 16. Qe2 Qc6 17. 0-0 0-0 18. d3 Nf6 19. Rae1 Rfe8 20. Nc2 bxc4 21. dxc4 Rbd8 22. Bc1 h6 23. Ne3 e4 24. Bb2 Be5 25. Bxe5 Rxe5 26. Ng4 Nxg4 27. Qxg4 f6 28. Re3 Rd3 29. Qe2 Rxe3 30. Qxe3 Qd7 31. g4 Qd4 32. Re1 Kf8 33. Kg2 Ke7 34. Kg3 Qd6 35. Kg2 Qd4 36. Re2 a5 37. Kf2 h5 38. h3 hxg4 39. hxg4 Qa1 40. Kg2 Qd4 41. Kg3 a4 42. Kf2 Qd1 43. bxa4 Qxa4 44. Qb3 Qd7 45. Rb2 Qd4+ 46. Ke2 e3 47. Qb7+ Kf8 48. Kf3 e2 0-1

[Event "White Tower op 5th Balkan Cup"]
[Site "Thessaloniki"]
[Date "2001.12.26"]
[Round "5"]
[White "Banikas, Hristos"]
[Black "Psomiadis, Stavros"]
[Result "1-0"]
[WhiteElo "2526"]
[BlackElo "2240"]
[PlyCount "105"]
[EventDate "2001.12.21"]
[EventType "swiss"]
[EventRounds "9"]
[EventCountry "GRE"]
[SourceTitle "EXT 2003"]
[Source "ChessBase"]
[SourceDate "2002.11.25"]
[SourceVersion "1"]
[SourceVersionDate "2002.11.25"]
[SourceQuality "1"]

1. d4 e6 2. Nf3 Nf6 3. c4 b6 4. Nc3 Bb7 5. Bg5 h6 6. Bh4 Be7 7. Qc2 d5 8. cxd5 Nxd5 9. Bxe7 Qxe7 10. e4 Nxc3 11. bxc3 0-0 12. Bc4 c5 13. 0-0 cxd4 14. cxd4 Nd7 15. Rfe1 Rfc8 16. Qd3 Rc7 17. Rad1 Rac8 18. Bb3 Rc3 19. Qd2 Qf6 20. Ba4 Nf8 21. Re3 Rxe3 22. Qxe3 Ng6 23. g3 Qe7 24. Bb3 Nf8 25. Qf4 Ng6 26. Qe3 Nf8 27. Ne5 Nd7 28. Nc4 Nf6 29. d5 exd5 30. exd5 Qxe3 31. Nxe3 Rd8 32. Rd4 Ne8 33. Ba4 Nd6 34. Bc6 Kf8 35. Kg2 Bc8 36. a4 Ke7 37. a5 b5 38. Kf3 a6 39. Rd1 Kf6 40. Ke2 g6 41. Kd3 Bb7 42. Rc1 Ke7 43. Kd4 Rb8 44. Re1 Kd8 45. Nc2 Bxc6 46. dxc6 b4 47. Kc5 Ne8 48. Rd1+ Kc8 49. Nxb4 Rb5+ 50. Kc4 Rxa5 51. Rd7 Rf5 52. Nd5 Rxf2 53. Nb6+ 1-0

[Event "Bouzakis Memorial-C"]
[Site "Chania"]
[Date "2000.08.24"]
[Round "5"]
[White "Psomiadis, Stavros"]
[Black "Bras, Manolis"]
[Result "1-0"]
[WhiteElo "2230"]
[BlackElo "2145"]
[PlyCount "100"]
[EventDate "2000.08.20"]
[EventType "tourn"]
[EventRounds "9"]
[EventCountry "GRE"]
[SourceTitle "EXT 2004"]
[Source "ChessBase"]
[SourceDate "2003.11.25"]
[SourceVersion "1"]
[SourceVersionDate "2003.11.25"]
[SourceQuality "1"]

1. d4 Nf6 2. Nf3 e6 3. c4 b6 4. Qc2 Bb7 5. Nbd2 d5 6. e3 Be7 7. Bd3 Nbd7 8. 0-0 0-0 9. e4 dxe4 10. Nxe4 Nxe4 11. Bxe4 Bxe4 12. Qxe4 c5 13. Qe2 Bf6 14. dxc5 Nxc5 15. Be3 Qd3 16. Rae1 Qf5 17. b3 Rad8 18. Rd1 Nd3 19. Ne1 Nb4 20. Rxd8 Rxd8 21. a3 Nc6 22. Nf3 Qd3 23. Qxd3 Rxd3 24. Rb1 Kf8 25. Ne1 Rd7 26. Kf1 Ke7 27. Ke2 Bd4 28. Bd2 Bxf2 29. Bg5+ f6 30. Bxf6+ gxf6 31. Kxf2 Rd2+ 32. Ke3 Ra2 33. a4 e5 34. Kd3 Nd4 35. h3 Ke6 36. Kc3 f5 37. Rb2 Ra1 38. Nc2 Rc1 39. Kd2 Rxc2+ 40. Rxc2 Nxc2 41. Kxc2 a5 42. Kc3 h5 43. b4 Kd6 44. h4 Kc6 45. Kb3 f4 46. c5 e4 47. bxa5 f3 48. gxf3 exf3 49. a6 f2 50. a7 Kb7 1-0

[Event "Bouzakis Memorial-C"]
[Site "Chania"]
[Date "2000.08.22"]
[Round "3"]
[White "Rizos, Georgios"]
[Black "Psomiadis, Stavros"]
[Result "0-1"]
[WhiteElo "1870"]
[BlackElo "2230"]
[PlyCount "70"]
[EventDate "2000.08.20"]
[EventType "tourn"]
[EventRounds "9"]
[EventCountry "GRE"]
[SourceTitle "EXT 2004"]
[Source "ChessBase"]
[SourceDate "2003.11.25"]
[SourceVersion "1"]
[SourceVersionDate "2003.11.25"]
[SourceQuality "1"]

1. c4 b6 2. Nc3 Bb7 3. Nf3 e6 4. g3 Bxf3 5. exf3 c5 6. d4 cxd4 7. Qxd4 Nc6 8. Qd3 Bb4 9. Bd2 Nge7 10. a3 Bxc3 11. Bxc3 0-0 12. Rd1 d5 13. Qb1 d4 14. Bd3 f5 15. Bd2 Ne5 16. Be2 Rc8 17. 0-0 d3 18. Bc3 dxe2 19. Rxd8 Nxf3+ 20. Kg2 exf1Q+ 21. Qxf1 Nh4+ 22. gxh4 Rcxd8 23. h5 f4 24. Qe1 f3+ 25. Kh3 Nf5 26. Qxe6+ Rf7 27. Bb4 Nd4 28. Qe3 Ne2 29. a4 Nf4+ 30. Kg4 Nd3 31. Ba3 h6 32. Kg3 Nf4 33. Kg4 Kh7 34. Qxf3 Rd4 35. Kg3 Rd3 0-1

[Event "Aegean op 23rd"]
[Site "Aghios Kirykos"]
[Date "2000.07.16"]
[Round "2"]
[White "Psomiadis, Stavros"]
[Black "Kouvatsou, Maria"]
[Result "1-0"]
[WhiteElo "2200"]
[BlackElo "2223"]
[PlyCount "135"]
[EventDate "2000.07.11"]
[EventType "swiss"]
[EventRounds "9"]
[EventCountry "GRE"]
[SourceTitle "EXT 2001"]
[Source "ChessBase"]
[SourceDate "2000.11.22"]
[SourceVersion "1"]
[SourceVersionDate "2000.11.22"]
[SourceQuality "1"]

1. e4 c5 2. Nf3 e6 3. b3 b6 4. c4 Bb7 5. Nc3 d6 6. Bd3 g6 7. 0-0 Bg7 8. Bb2 Nc6 9. Re1 Nge7 10. Bf1 0-0 11. Qc1 Qd7 12. Ne2 e5 13. d3 Nd4 14. Nfxd4 cxd4 15. Qd2 f5 16. f3 Kh8 17. Ng3 f4 18. Nh1 h5 19. Nf2 Rf6 20. a4 a5 21. b4 g5 22. h3 Ng8 23. Rec1 Nh6 24. c5 dxc5 25. bxc5 g4 26. cxb6 Rxb6 27. Rc5 gxf3 28. gxf3 Qe7 29. Rac1 Qg5+ 30. Bg2 Bf8 31. h4 Qf6 32. Rb5 Bb4 33. Rxb6 Qxb6 34. Qc2 Rc8 35. Qb3 Rg8 36. Nh3 Qg6 37. Ng5 Rg7 38. Ba3 Nf7 39. Nxf7+ Rxf7 40. Bxb4 Rg7 41. Rc2 axb4 42. Qxb4 Ba6 43. Qb8+ Kh7 44. Qxe5 Bxd3 45. Rf2 Rb7 46. Qxf4 Ba6 47. Kh2 Rb1 48. Qc7+ Kh6 49. Qf4+ Kh7 50. Rd2 d3 51. Qg3 Qb6 52. Bh3 Qb8 53. Bf5+ Kh8 54. Qxb8+ Rxb8 55. Kg3 Rd8 56. Be6 Rd4 57. Bb3 Kg7 58. Kf4 Kf6 59. Ke3 Rb4 60. Bd1 Rb8 61. f4 Rg8 62. Bxh5 Rh8 63. e5+ Kf5 64. Bf3 Rxh4 65. Be4+ Kg4 66. Rg2+ Kh5 67. Rg5+ Kh6 68. Rg6+ 1-0

[Event "Thessaloniki Tower op"]
[Site "Thessaloniki"]
[Date "1999.11.15"]
[Round "3"]
[White "Psomiadis, Stavros"]
[Black "Marjanovic, Slavoljub"]
[Result "0-1"]
[WhiteElo "2192"]
[BlackElo "2508"]
[PlyCount "78"]
[EventDate "1999.??.??"]
[EventType "swiss"]
[EventRounds "9"]
[EventCountry "GRE"]
[SourceTitle "EXT 2002"]
[Source "ChessBase"]
[SourceDate "2001.11.25"]
[SourceVersion "1"]
[SourceVersionDate "2001.11.25"]
[SourceQuality "1"]

1. e4 c5 2. c3 Nf6 3. e5 Nd5 4. d4 cxd4 5. Nf3 e6 6. cxd4 b6 7. Nc3 Nxc3 8. bxc3 Qc7 9. Bd2 d6 10. Bd3 Nd7 11. exd6 Bxd6 12. 0-0 Bb7 13. h3 0-0 14. Re1 Rac8 15. Qe2 Bf4 16. Bxf4 Qxf4 17. Rec1 Nf6 18. Qd2 Qd6 19. Ne5 Rfd8 20. Qg5 h6 21. Qf4 Rc7 22. a4 Nd5 23. Qe4 f5 24. Qe1 Rdc8 25. c4 Nf4 26. Bf1 Qxd4 27. Rd1 Qc5 28. a5 Be4 29. axb6 axb6 30. Nd7 Qe7 31. Nxb6 Nxh3+ 32. Kh2 Rb8 33. Qe3 Ng5 34. f4 Nh7 35. c5 Nf6 36. Be2 Rxc5 37. Na4 Rc2 38. Rd2 Nd5 39. Qd4 Rb4 0-1

[Event "Chania op"]
[Site "Chania"]
[Date "1999.08.29"]
[Round "9"]
[White "Babaniotis, Evangelos"]
[Black "Psomiadis, Stavros"]
[Result "0-1"]
[WhiteElo "2105"]
[BlackElo "2235"]
[PlyCount "116"]
[EventDate "1999.08.20"]
[EventType "swiss"]
[EventRounds "9"]
[EventCountry "GRE"]
[SourceTitle "EXT 2007"]
[Source "ChessBase"]
[SourceDate "2006.11.23"]
[SourceVersion "1"]
[SourceVersionDate "2006.11.23"]
[SourceQuality "1"]

1. Nf3 Nf6 2. c4 d6 3. Nc3 c6 4. g3 e5 5. d3 Be7 6. Bg2 0-0 7. 0-0 Nbd7 8. d4 Re8 9. e4 Qc7 10. h3 Nf8 11. d5 Ng6 12. b4 cxd5 13. Nxd5 Nxd5 14. cxd5 Qc4 15. Qa4 b5 16. Qa3 Qxe4 17. Be3 Bxh3 18. Bxh3 Qxf3 19. Bg2 Qg4 20. Qd3 Qxb4 21. Rfb1 Qc4 22. Bf1 Qxd3 23. Bxd3 a6 24. a4 bxa4 25. Rxa4 Bf8 26. Ra5 e4 27. Be2 Ne5 28. g4 Nf3+ 29. Kg2 h6 30. Bxf3 exf3+ 31. Kxf3 Be7 32. Bd4 Bd8 33. Ra4 a5 34. Rb7 Re7 35. Rxe7 Bxe7 36. Bb6 g6 37. Rxa5 Rxa5 38. Bxa5 h5 39. Bd2 hxg4+ 40. Kxg4 f5+ 41. Kf4 Bf6 42. Bb4 Be7 43. f3 Kh7 44. Kg3 g5 45. Bd2 Kg6 46. f4 g4 47. Bb4 Kf7 48. Kf2 Bh4+ 49. Ke2 Ke7 50. Ba5 Kd7 51. Bb6 Kc8 52. Ba5 Kb7 53. Bb4 Be7 54. Be1 Ka6 55. Kd3 Kb5 56. Bf2 Bd8 57. Kc3 Bb6 58. Bh4 Be3 0-1

[Event "Chania op"]
[Site "Chania"]
[Date "1999.08.26"]
[Round "7"]
[White "Vouros, Georgios"]
[Black "Psomiadis, Stavros"]
[Result "0-1"]
[WhiteElo "1950"]
[BlackElo "2235"]
[PlyCount "120"]
[EventDate "1999.08.20"]
[EventType "swiss"]
[EventRounds "9"]
[EventCountry "GRE"]
[SourceTitle "EXT 2007"]
[Source "ChessBase"]
[SourceDate "2006.11.23"]
[SourceVersion "1"]
[SourceVersionDate "2006.11.23"]
[SourceQuality "1"]

1. d4 d5 2. c4 dxc4 3. Nf3 Nf6 4. e3 e6 5. Bxc4 c5 6. 0-0 a6 7. a4 Nc6 8. Nc3 cxd4 9. exd4 Be7 10. h3 0-0 11. Be3 Nb4 12. Qe2 b6 13. Rac1 Bb7 14. Rfd1 Nfd5 15. Nxd5 Nxd5 16. Bd2 Qd6 17. Qe5 Rfd8 18. Qe4 Ra7 19. Bd3 Nf6 20. Qe2 Bd5 21. Bc4 Bb7 22. Bc3 Raa8 23. Ne5 Nd5 24. Qh5 g6 25. Qf3 f5 26. Qe2 Bg5 27. Bd2 Nf4 28. Bxf4 Bxf4 29. Rb1 Rac8 30. Ba2 a5 31. Nd3 Bd5 32. Bxd5 exd5 33. Nxf4 Qxf4 34. Qe6+ Kg7 35. Re1 Rc2 36. Qe5+ Qxe5 37. dxe5 d4 38. b3 d3 39. Rbd1 d2 40. Rf1 f4 41. f3 Kf7 42. Kf2 Ke6 43. g3 Kxe5 44. gxf4+ Kxf4 45. Rg1 g5 46. Rg4+ Kf5 47. h4 h6 48. hxg5 hxg5 49. Re4 Rc1 50. Ke2 Rxd1 51. Kxd1 Rd3 52. b4 Rxf3 53. Rd4 Rf2 54. bxa5 bxa5 55. Rd5+ Kf4 56. Rxa5 g4 57. Ra8 g3 58. Rf8+ Ke3 59. Re8+ Kd4 60. a5 g2 0-1

[Event "Panormo zt"]
[Site "Panormo"]
[Date "1998.10.30"]
[Round "7"]
[White "Psomiadis, Stavros"]
[Black "Lobzhanidze, Davit"]
[Result "1/2-1/2"]
[WhiteElo "2155"]
[BlackElo "2455"]
[PlyCount "116"]
[EventDate "1998.10.24"]
[EventType "swiss"]
[EventRounds "11"]
[EventCountry "GRE"]
[SourceTitle "CBM 067 Extra"]
[Source "ChessBase"]
[SourceDate "1999.01.01"]
[SourceVersion "1"]
[SourceVersionDate "1999.01.01"]
[SourceQuality "1"]

1. Nf3 d5 2. g3 c6 3. Bg2 Bg4 4. b3 Nd7 5. Bb2 Ngf6 6. 0-0 e6 7. d3 Be7 8. Nbd2 0-0 9. e4 dxe4 10. dxe4 Qc7 11. Qe1 e5 12. h3 Bxf3 13. Nxf3 Rfe8 14. Qe2 Bf8 15. Rfd1 Nc5 16. Ne1 b5 17. Nd3 Nfd7 18. Nxc5 Bxc5 19. h4 Nf8 20. a3 Ne6 21. c3 a5 22. b4 Bb6 23. Bh3 Qe7 24. Rd2 axb4 25. axb4 Rxa1+ 26. Bxa1 Rd8 27. Rxd8+ Nxd8 28. Bb2 Nb7 29. Bc1 Nd6 30. Be3 Bxe3 31. Qxe3 Nc4 32. Qd3 Qd6 33. Qxd6 Nxd6 34. f3 Nb7 35. Bd7 Nd8 36. Kf2 Kf8 37. Ke3 Ke7 38. Bh3 Nb7 39. Bf1 Nd6 40. Bd3 Kd7 41. f4 f6 42. Be2 Kc7 43. Kd3 Kb6 44. Bg4 Ne8 45. Be6 Nc7 46. Bc8 Ka7 47. Bf5 h6 48. Bd7 Kb7 49. Ke3 Kb6 50. Kf3 c5 51. Kg4 cxb4 52. cxb4 exf4 53. gxf4 Na6 54. Kh5 Nxb4 55. Kg6 Nd3 56. Kxg7 Nxf4 57. Kxh6 b4 58. Ba4 Kc5 1/2-1/2

[Event "Panormo zt"]
[Site "Panormo"]
[Date "1998.10.29"]
[Round "6"]
[White "Raptis, Georgios"]
[Black "Psomiadis, Stavros"]
[Result "0-1"]
[WhiteElo "2140"]
[BlackElo "2155"]
[PlyCount "60"]
[EventDate "1998.10.24"]
[EventType "swiss"]
[EventRounds "11"]
[EventCountry "GRE"]
[SourceTitle "CBM 067 Extra"]
[Source "ChessBase"]
[SourceDate "1999.01.01"]
[SourceVersion "1"]
[SourceVersionDate "1999.01.01"]
[SourceQuality "1"]

1. Nf3 d5 2. b3 Bf5 3. e3 h6 4. Bb2 Nd7 5. Be2 Ngf6 6. d3 e6 7. Nbd2 Be7 8. 0-0 Bh7 9. Ne5 Nxe5 10. Bxe5 0-0 11. Kh1 Nd7 12. f4 Nxe5 13. fxe5 Bg5 14. Rf3 f6 15. exf6 Rxf6 16. Rg3 Qe7 17. Nf1 Raf8 18. c4 c6 19. h3 Bh4 20. Rf3 Rxf3 21. Bxf3 Bf6 22. d4 dxc4 23. bxc4 e5 24. Qa4 exd4 25. Qxa7 Be4 26. Bg4 dxe3 27. Rc1 e2 28. Bxe2 Bxg2+ 29. Kxg2 Qxe2+ 30. Kg1 Be5 0-1

[Event "Panormo zt"]
[Site "Panormo"]
[Date "1998.10.25"]
[Round "2"]
[White "Chibukhchian, Artur"]
[Black "Psomiadis, Stavros"]
[Result "1-0"]
[WhiteElo "2415"]
[BlackElo "2155"]
[PlyCount "43"]
[EventDate "1998.10.24"]
[EventType "swiss"]
[EventRounds "11"]
[EventCountry "GRE"]
[SourceTitle "CBM 067 Extra"]
[Source "ChessBase"]
[SourceDate "1999.01.01"]
[SourceVersion "1"]
[SourceVersionDate "1999.01.01"]
[SourceQuality "1"]

1. d4 d5 2. c4 dxc4 3. Nf3 Nf6 4. e3 e6 5. Bxc4 c5 6. 0-0 a6 7. a4 Nc6 8. Qe2 Qc7 9. Rd1 Be7 10. Nc3 0-0 11. h3 Rd8 12. b3 Na5 13. Bb2 cxd4 14. exd4 Nxc4 15. bxc4 b6 16. d5 Bb7 17. dxe6 Bxf3 18. exf7+ Kxf7 19. Qxf3 Qxc4 20. Nd5 Qe4 21. Qxe4 Nxe4 22. Nxe7 1-0

[Event "Panormo zt"]
[Site "Panormo"]
[Date "1998.10.24"]
[Round "1"]
[White "Khachiyan, Melikset"]
[Black "Psomiadis, Stavros"]
[Result "1-0"]
[WhiteElo "2370"]
[BlackElo "2155"]
[PlyCount "69"]
[EventDate "1998.10.24"]
[EventType "swiss"]
[EventRounds "11"]
[EventCountry "GRE"]
[SourceTitle "CBM 067 Extra"]
[Source "ChessBase"]
[SourceDate "1999.01.01"]
[SourceVersion "1"]
[SourceVersionDate "1999.01.01"]
[SourceQuality "1"]

1. e4 e6 2. d3 d5 3. Nd2 c5 4. Ngf3 Nc6 5. g3 Bd6 6. Bg2 Nge7 7. 0-0 0-0 8. Re1 f6 9. c3 a5 10. a4 Kh8 11. Qb3 Ra6 12. Nf1 Rb6 13. Qa2 d4 14. N1d2 dxc3 15. bxc3 Ne5 16. Nxe5 Bxe5 17. Qc2 Ra6 18. Nc4 Bc7 19. Ba3 Rc6 20. e5 Nd5 21. exf6 Qxf6 22. Ne3 Bd6 23. Nxd5 exd5 24. Bxd5 Rc7 25. Rab1 Re7 26. Be4 Re5 27. f4 Re6 28. c4 Qd8 29. Bb2 Qc7 30. Bc3 Rh6 31. Qb2 Re6 32. Rf1 Rfe8 33. f5 Rxe4 34. dxe4 Rxe4 35. f6 1-0

[Event "Kavala op 07th"]
[Site "Kavala"]
[Date "1997.??.??"]
[Round "7"]
[White "Hellsten, Johan"]
[Black "Psomiadis, Stavros"]
[Result "1-0"]
[WhiteElo "2495"]
[BlackElo "2200"]
[PlyCount "93"]
[EventDate "1997.08.13"]
[EventType "swiss"]
[EventRounds "9"]
[EventCountry "GRE"]
[SourceTitle "EXT 2004"]
[Source "ChessBase"]
[SourceDate "2003.11.25"]
[SourceVersion "1"]
[SourceVersionDate "2003.11.25"]
[SourceQuality "1"]

1. d4 d5 2. c4 e6 3. Nf3 Nf6 4. Nc3 Nbd7 5. e3 c6 6. Qc2 Bd6 7. b3 Qe7 8. Be2 0-0 9. 0-0 Re8 10. Rd1 a6 11. Bb2 b5 12. e4 Nxe4 13. Nxe4 dxe4 14. Qxe4 Bb7 15. Ne5 Nxe5 16. dxe5 Bc5 17. Bf3 b4 18. Rd3 Red8 19. Rad1 Bb6 20. Bd4 Rxd4 21. Rxd4 Bxd4 22. Rxd4 Rd8 23. Qd3 Rxd4 24. Qxd4 Qc7 25. Qc5 a5 26. h4 h6 27. h5 Qd8 28. g3 Qc7 29. Kg2 Ba8 30. Be2 f6 31. exf6 gxf6 32. Bf3 Kg7 33. Qd4 e5 34. Qg4+ Kf8 35. Qf5 Qe7 36. Be4 Bb7 37. Kh2 Qg7 38. Bf3 Ke7 39. c5 Kd8 40. Qd3+ Qd7 41. Qg6 Qd4 42. Qxf6+ Kc7 43. Kg2 Qxc5 44. Qxh6 Ba6 45. Qe3 Qb5 46. h6 e4 47. Be2 1-0

[Event "Ikaria op"]
[Site "Ikaria"]
[Date "1997.??.??"]
[Round "?"]
[White "Podlesnik, Bogdan"]
[Black "Psomiadis, Stavros"]
[Result "1-0"]
[WhiteElo "2410"]
[BlackElo "2200"]
[PlyCount "123"]
[EventDate "1997.??.??"]
[EventType "swiss"]
[EventRounds "9"]
[EventCountry "GRE"]
[SourceTitle "EXT 2003"]
[Source "ChessBase"]
[SourceDate "2002.11.25"]
[SourceVersion "1"]
[SourceVersionDate "2002.11.25"]
[SourceQuality "1"]

1. e4 e6 2. d4 d5 3. Nd2 dxe4 4. Nxe4 Bd7 5. Nf3 Bc6 6. Bd3 Nd7 7. Qe2 Ngf6 8. Bd2 Bxe4 9. Bxe4 Nxe4 10. Qxe4 c6 11. 0-0-0 Nf6 12. Qe2 Qc7 13. Kb1 0-0-0 14. c4 Bd6 15. Bc3 Qe7 16. a3 Rhe8 17. Rhe1 Bc7 18. Qc2 Kb8 19. Ne5 h6 20. f4 Nd7 21. g3 Nxe5 22. fxe5 Rd7 23. Qe4 Red8 24. Rf1 Qg5 25. Rde1 a5 26. Ka2 Bb6 27. c5 Bc7 28. Re3 Qh5 29. h4 Qg6 30. Rf4 Qxe4 31. Rfxe4 Rg8 32. Kb3 Ka7 33. Kc4 Ka6 34. Rf3 g6 35. Re2 h5 36. Ref2 Rg7 37. Bd2 Bd8 38. Bh6 Rh7 39. Bf8 b5+ 40. cxb6 Bxb6 41. Bc5 Bd8 42. b4 a4 43. Rb2 Rb7 44. Bd6 g5 45. Kc5 gxh4 46. Kxc6 Rb6+ 47. Kd7 Rb7+ 48. Kc6 Rb6+ 49. Kc5 Rb5+ 50. Kc4 Rd5 51. Bc5 Kb7 52. gxh4 Bxh4 53. Kb5 Bg5 54. Kxa4 h4 55. Rbf2 Rd7 56. Kb5 Kc8 57. a4 Rb7+ 58. Kc4 Rh8 59. a5 f5 60. exf6 Rf7 61. Be7 Kd7 62. b5 1-0

[Event "Ikaria op"]
[Site "Ikaria"]
[Date "1997.??.??"]
[Round "?"]
[White "Psomiadis, Stavros"]
[Black "Velikov, Petar"]
[Result "1-0"]
[WhiteElo "2200"]
[BlackElo "2485"]
[PlyCount "109"]
[EventDate "1997.??.??"]
[EventType "swiss"]
[EventRounds "9"]
[EventCountry "GRE"]
[SourceTitle "EXT 2003"]
[Source "ChessBase"]
[SourceDate "2002.11.25"]
[SourceVersion "1"]
[SourceVersionDate "2002.11.25"]
[SourceQuality "1"]

1. e4 c5 2. Nf3 e6 3. c3 Nf6 4. e5 Nd5 5. d4 cxd4 6. cxd4 d6 7. Bc4 Nb6 8. Bd3 Nc6 9. a3 d5 10. 0-0 Be7 11. Nc3 Bd7 12. b3 Rc8 13. Bd2 a6 14. Ne2 Na7 15. a4 Nc6 16. Qe1 Na8 17. Nf4 g6 18. Nh3 Qb6 19. Qe3 Nb4 20. Rac1 Rxc1 21. Rxc1 Nxd3 22. Qxd3 h6 23. Nf4 a5 24. Nxg6 fxg6 25. Qxg6+ Kd8 26. Bxh6 Be8 27. Qg7 Rf8 28. Bg5 Rf7 29. Qg8 Kd7 30. h4 Qxb3 31. Rc8 Qb1+ 32. Kh2 Rf8 33. Rd8+ Kxd8 34. Qxf8 Qh7 35. Bf6 Kd7 36. Bxe7 Qxe7 37. Qf4 Qf7 38. Qd2 b6 39. Ng5 Qf5 40. f3 Bg6 41. Qc1 Qb1 42. Qf4 Qf5 43. Qc1 Nc7 44. Qb2 Kc6 45. Qa3 Qf4+ 46. Kh3 Qxd4 47. Qd6+ Kb7 48. Qxc7+ Kxc7 49. Nxe6+ Kd7 50. Nxd4 Bd3 51. h5 b5 52. axb5 a4 53. h6 a3 54. Nb3 a2 55. b6 1-0

[Event "Aegina op"]
[Site "Aegina"]
[Date "1996.??.??"]
[Round "3"]
[White "Botsari, Anna Maria"]
[Black "Psomiadis, Stavros"]
[Result "0-1"]
[WhiteElo "2335"]
[BlackElo "2230"]
[PlyCount "70"]
[EventDate "1996.??.??"]
[EventType "swiss"]
[EventRounds "9"]
[EventCountry "GRE"]
[SourceTitle "EXT 1997"]
[Source "ChessBase"]
[SourceDate "1996.11.15"]
[SourceVersion "1"]
[SourceVersionDate "1996.11.15"]
[SourceQuality "1"]

1. d4 Nf6 2. c4 d6 3. Nf3 Nbd7 4. Nc3 e5 5. e4 c6 6. Be2 a6 7. 0-0 b5 8. b4 Be7 9. a4 bxc4 10. Bxc4 0-0 11. Qe2 Bb7 12. Rd1 Qc7 13. Bb2 exd4 14. Nxd4 d5 15. exd5 cxd5 16. Nf5 dxc4 17. Nxe7+ Kh8 18. Ncd5 Nxd5 19. Nxd5 Bxd5 20. Rxd5 c3 21. Ba3 Rfe8 22. Qd3 Rad8 23. h3 Ne5 24. Rxd8 Rxd8 25. Qe4 h6 26. b5 c2 27. Rf1 axb5 28. axb5 Nd3 29. Qe3 Qc3 30. Bc1 Nxc1 31. Qxc1 Rb8 32. Qf4 Rxb5 33. Qxf7 Qd3 34. Kh2 Rb1 35. Re1 c1Q 0-1

[Event "GRE-chT"]
[Site "Athens"]
[Date "1996.??.??"]
[Round "5"]
[White "Psomiadis, Stavros"]
[Black "Diatsintos, Apostolos"]
[Result "1-0"]
[WhiteElo "2230"]
[BlackElo "2115"]
[PlyCount "73"]
[EventDate "1996.??.??"]
[EventType "team"]
[EventRounds "9"]
[EventCountry "GRE"]
[SourceTitle "CBM 055 Extra"]
[Source "ChessBase"]
[SourceDate "1997.01.01"]
[SourceVersion "1"]
[SourceVersionDate "1997.01.01"]
[SourceQuality "1"]

1. e4 c5 2. Nf3 d6 3. c3 Nf6 4. Bd3 g6 5. Bc2 Bg7 6. d3 Nc6 7. Nbd2 b5 8. 0-0 0-0 9. h3 a5 10. d4 Qb6 11. d5 Nb8 12. a4 Ba6 13. Re1 Rd8 14. Rb1 bxa4 15. Bxa4 Bd3 16. Bc2 Bxc2 17. Qxc2 Qb5 18. Ra1 Nfd7 19. Nb1 Nb6 20. Na3 Qa6 21. c4 Qb7 22. e5 Na6 23. e6 f5 24. Bd2 Nb4 25. Qb3 a4 26. Qe3 Qa6 27. Rac1 f4 28. Qxf4 Rf8 29. Qh4 Nd3 30. Bh6 Bxh6 31. Qxh6 Rxf3 32. gxf3 Nxe1 33. Rxe1 Nxc4 34. Re4 Ne5 35. Nc4 Rf8 36. Nxe5 dxe5 37. Rh4 1-0